000 00995cam a2200229 4500
001 ABS66099
008 021025n2002 000 0 eng u
035 _a(Sirsi) u120264
100 _aWard, V.C.
245 _aNew legislation raises great expectations
260 _c2002
490 _aEstates Gazette
_v(0238) 21 September 2002, 198-199(2)
520 _aThe Land Registration Act 2002, which received Royal Assent on 26 February, lays the foundation for the e-conveyancing revolution. The article outlines how, within ten years, the process of paper documents could be replaced by 'virtual' documents. This article discusses the advantages of having a registered title and also raises the point the test for e-conveyancing is whether it will save time and money.
590 _aABS
650 _aLAND REGISTRATION
650 _aLAND REGISTRATION ACT 2002
650 _aTITLE REGISTRATION
650 _aSQUATTERS RIGHTS
650 _aINTERNET
690 _aPROPERTY
942 _n0
999 _c71448
_d71448